| Tag |
First Indicator |
Second Indicator |
Subfields |
| LEADER |
00000cam a2200000 a 4500 |
| 001 |
in00001410177 |
| 005 |
20151020060913.0 |
| 008 |
970313s1997 ctua b 101 0 eng |
| 010 |
|
|
|a 97012806
|
| 020 |
|
|
|a 0275956237 (alk. paper)
|
| 020 |
|
|
|a 0275956245 (pbk. : alk. paper)
|
| 035 |
|
|
|a (OCoLC)36597839
|
| 035 |
|
|
|9 AHN8145AM
|
| 040 |
|
|
|a DLC
|c DLC
|d TXA
|d UtOrBLW
|
| 043 |
|
|
|a n-us---
|a a-cc---
|
| 049 |
|
|
|a TXAM
|
| 050 |
0 |
0 |
|a E184.S75
|b B58 1997
|
| 082 |
0 |
0 |
|a 305.868
|2 21
|
| 100 |
1 |
|
|a Blea, Irene I.
|q (Irene Isabel)
|
| 245 |
1 |
0 |
|a U.S. Chicanas and Latinas within a global context :
|b women of color at the Fourth World Women's Conference /
|c Irene I. Blea.
|
| 246 |
3 |
|
|a United States Chicanas and Latinas within a global context
|
| 264 |
|
1 |
|a Westport, Conn. :
|b Praeger,
|c 1997.
|
| 300 |
|
|
|a xiv, 179 pages :
|b illustrations ;
|c 25 cm.
|
| 336 |
|
|
|a text
|b txt
|2 rdacontent
|
| 337 |
|
|
|a unmediated
|b n
|2 rdamedia
|
| 338 |
|
|
|a volume
|b nc
|2 rdacarrier
|
| 504 |
|
|
|a Includes bibliographical references (pages [169]-172) and index.
|
| 650 |
|
0 |
|a Hispanic American women
|x Social conditions
|x Congresses.
|
| 650 |
|
0 |
|a Mexican American women
|x Social conditions
|x Congresses.
|
| 611 |
2 |
0 |
|a World Conference on Women
|n (4th :
|d 1995 :
|c Peking, China)
|
| 948 |
|
|
|a c:jal
|
| 999 |
|
|
|a MARS
|
| 999 |
f |
f |
|s 642cac05-cc49-341d-b25a-c39bf754e567
|i cdf3629f-f06b-32e9-a968-95bf5419fa1c
|t 0
|
| 952 |
f |
f |
|p normal
|a Texas A&M University
|b College Station
|c Sterling C. Evans Library
|d Evans: Library Stacks
|t 0
|e E184.S75 B58 1997
|h Library of Congress classification
|i unmediated -- volume
|m A14822377454
|
| 998 |
f |
f |
|a E184.S75 B58 1997
|t 0
|l Evans: Library Stacks
|